00000000nam##2200000za#4500
0019.559400
003CaOODSP
00520210624172848
007cr |||||||||||
008150406|2005||||xxc|||||o    f|0| 0 eng|d
020 |a0-662-40391-6
040 |aCaOODSP|beng
043 |an-cn---
0861 |aH113-7/2005-2E-PDF
1101 |aCanada. |bPest Management Regulatory Agency.
24510|aMesotrione Callisto 480SC herbicide |h[electronic resource]
260 |bHealth Canada. |c2005.
300 |a143p.|breferences, tables
4901 |aRegulatory note |vREG2005-02
5203 |aThis Regulatory Note provides a summary of data reviewed and the rationale for the regulatory decision for these products.
590 |a05-22|b2005-06-03
77508|tMésotrione herbicide callisto 480SC |w(CaOODSP)9.592165
7760#|tMesotrione Callisto 480SC herbicide |w(CaOODSP)9.617319
830#0|aRegulatory note ;|vREG2005-02|w(CaOODSP)9.504462
85640|ahttp://publications.gc.ca|qPDF|s627 KB|uhttps://publications.gc.ca/collections/Collection/H113-7-2005-2E.pdf|yREG2005-02